| 000 | 00000nam##2200000za#4500 |
| 001 | 9.663193 |
| 003 | CaOODSP |
| 005 | 20210615120932 |
| 007 | ta |
| 008 | 150407|2001||||xxc||||| f|0| 0 eng|d |
| 020 | |a0-662-66128-1 |
| 040 | |aCaOODSP|beng |
| 041 | |aeng |
| 041 | |afre |
| 043 | |an-cn--- |
| 086 | 1 |aH114-5/2001 |
| 110 | 1 |aCanada. |bPest Management Regulatory Agency. |
| 245 | 10|aPest Management Regulatory Agency overview document |
| 260 | |aOttawa - Ontario : |bHealth Canada. |c2001. |
| 300 | |aEnglish text, 9p. ; |c28 cm. |
| 546 | |aBilingual |
| 563 | |aSoftcover |
| 590 | |a01-42|b2001-10-19 |
| 690 | 07|aPesticides|2gcpds |
| 690 | 07|aPests|2gcpds |
| 776 | 0#|tL'Agence de réglementation de la lutte antiparasitaire : |w(CaOODSP)9.639667 |
| 776 | 0#|tPest Management Regulatory Agency : |w(CaOODSP)9.695535 |
| 792 | |tAgence de réglementation de la lutte antiparasitaire: vue d'ensemble |efre|w(CaOODSP)9.663194 |